Philosophy, literature and understanding : on reading and cognition / Jukka Mikkonen. (Record no. 22386)

000 -LEADER
fixed length control field 00874nam a22001817a 4500
020 ## - INTERNATIONAL STANDARD BOOK NUMBER
ISBN 9781350163980
082 ## - DEWEY DECIMAL CLASSIFICATION NUMBER
Classification number 801.9
Item number M55 2021
100 ## - MAIN ENTRY--AUTHOR NAME
Personal name Mikkonen, Jukka, author
245 ## - TITLE STATEMENT
Title Philosophy, literature and understanding : on reading and cognition / Jukka Mikkonen.
250 ## - EDITION STATEMENT
Edition statement First edition.
260 ## - PUBLICATION, DISTRIBUTION, ETC. (IMPRINT)
Place of publication New York, NY :
Name of publisher Bloomsbury Academic,
Year of publication c2021.
300 ## - PHYSICAL DESCRIPTION
Number of Pages 179 pages :
500 ## - GENERAL NOTE
General note Includes bibliographical references and indexes.
505 ## - FORMATTED CONTENTS NOTE
Formatted contents note Introduction - Imagination - Narrative - Cognition - Evidence.
520 ## - SUMMARY, ETC.
Summary, etc Examines the cognitive value of literature, exploring how works of fiction contribute to understanding, self-reflection, and empathy. The book analyses the roles of imagination and narrative, bridging philosophical aesthetics, literary studies, and cognitive psychology.
650 ## - SUBJECT ADDED ENTRY--TOPICAL TERM
Topical Term Literature -- Philosophy
942 ## - ADDED ENTRY ELEMENTS (KOHA)
Koha item type Electronic Books
Holdings
Source of acquisition Permanent Location Date acquired Collection code Koha item type Lost status Shelving location Withdrawn status Current Location Full call number
DonationCagayan State University - Carig Library2026-04-15E-BooksElectronic Books E-Resource Section Cagayan State University - Carig Library801.9 M55 2021

Cagayan State University University Library, Carig Campus
Tuguegarao City, Cagayan 3500 | www.csucarig.edu.ph

Powered by Koha